Sports Quiz

Random Sports or NHL Quiz

2013 Former Vancouver Canucks (Active) Quiz Stats

 Plays Quiz not verified by Sporcle

Also try: MLB Team by M-L-B
Challenge
Share
Tweet
Embed
Score 0/28 Timer 10:00
0 Plays Today
Current Team Player % Correct
Tampa Bay (D)Sami Salo
83.2%
Detroit (RW)Todd Bertuzzi
80.4%
Buffalo (C)Cody Hodgson
76.9%
Los Angeles (D)Willie Mitchell
74.1%
Tampa Bay (D)Mattias Ohlund
74.1%
Buffalo (D)Christian Ehrhoff
70.6%
Pittsburgh (LW)Matt Cooke
68.9%
Detroit (RW)Mikael Samuelsson
68.2%
Florida (D)Ed Jovanovski
67.1%
San Jose (LW)Raffi Torres
64.3%
Phoenix (G)Jason LaBarbera
60.5%
Pittsburgh (LW)Tanner Glass
60.1%
NY Islanders (RW)Michael Grabner
59.1%
New Jersey (G)Johan Hedberg
58.4%
Current Team Player % Correct
Winnipeg (C)Kyle Wellwood
56.6%
Anaheim (D)Bryan Allen
54.9%
New Jersey (RW)Steve Bernier
50.7%
Colorado (D)Shane O'Brien
50.7%
Dallas (D)Aaron Rome
49.7%
Columbus (D)Adrian Aucoin
43.4%
Buffalo (D)Alexander Sulzer
43.4%
NY Rangers (LW)Taylor Pyatt
40.9%
Edmonton (LW)Darcy Hordichuk
39.5%
Washington (LW)Aaron Volpatti
37.1%
Florida (D)Mike Weaver
31.8%
Edmonton (RW)Mike Brown
29.7%
Carolina (D)Marc-Andre Gragnani
27.3%
Phoenix (C)Alexandre Bolduc
25.5%

You're not logged in!

Compare scores with friends on all Sporcle quizzes.
Join for Free
OR
Log In

You Might Also Like...

Show Comments

Extras

Top Quizzes Today


Score Distribution

Your Account Isn't Verified!

In order to create a playlist on Sporcle, you need to verify the email address you used during registration. Go to your Sporcle Settings to finish the process.

Report this User

Report this user for behavior that violates our Community Guidelines.

Details: